000 00314nam a2200133Ia 4500
008 191201s2005 xx 000 0 und d
082 _a677.4
_bVAP
100 _aVAIDYA, A A
245 0 _aProduction of Synthetic Fibres
260 _aN.Delhi
_bPHI
_c2005
300 _a354
650 _aB.Tech(TE)
942 _2ddc
_cBK
999 _c3874
_d3874